| 000 | 00598nam a2200205 i 4500 | ||
|---|---|---|---|
| 001 | bgj | ||
| 100 | 1 | _aWHITNEY, Norman | |
| 245 | 1 | 0 |
_aDream Team : _bpodręcznik dla gimnazjum : student's book 3 / _cNorman Whitney, David McKeegan. |
| 260 |
_aOxford : _bOxford University Press, _c2002. |
||
| 300 |
_a95 pp : _bill. ; _c30 cm. |
||
| 650 | 9 | _aEnglish language | |
| 655 | _aTextbooks for foreigners | ||
| 700 | 1 |
_aMCKEEGAN, David. _eco-author |
|
| 020 | _a0194369064 | ||
| 040 | _cBPK | ||
| 041 | 0 | _aeng | |
| 920 | _a0-19-436906-4 | ||
| 942 | _cKS | ||
| 008 | s uk f |000 0 eng | ||
| 999 |
_c49078 _d49078 |
||